Christianity And Politics In Tribal India: (Record no. 187082)

MARC details
000 -LEADER
fixed length control field 00610nam a22001817a 4500
005 - DATE AND TIME OF LATEST TRANSACTION
control field 20220406115050.0
010 ## - LCCN (DPL NO)
LC control number ENG-132175
020 ## - INTERNATIONAL STANDARD BOOK NUMBER
International Standard Book Number 9788178246536
Terms of availability 795.00
035 ## - SYSTEM CONTROL NUMBER
System control number EN-115707
037 ## - SOURCE OF ACQUISITION
Source of stock number/acquisition DBAD/PUB
082 ## - DEWEY DECIMAL CLASSIFICATION NUMBER
Classification number 954.165
100 ## - MAIN ENTRY--PERSONAL NAME
Personal name Chophy,G.Kanato
245 ## - TITLE STATEMENT
Title Christianity And Politics In Tribal India:
Remainder of title Baptist Missionaries and Naga Nationalism/
Statement of responsibility, etc G.kanato Chophy
260 ## - PUBLICATION, DISTRIBUTION, ETC. (IMPRINT)
Place of publication, distribution, etc Ranikhet Cantt
Name of publisher, distributor, etc Permanent Black
Date of publication, distribution, etc 2022
270 ## - ADDRESS
Address Himalayana Mall Road, Ranikhet Cantt,
Electronic mail address perblack@gmail.com
Postal code 263645
300 ## - PHYSICAL DESCRIPTION
Extent ix,460p.
Dimensions 21cm(pbk)
942 ## - ADDED ENTRY ELEMENTS (KOHA)
Source of classification or shelving scheme Dewey Decimal Classification
Item type English Books
Call number suffix CHO
Classification part 954.165
Holdings
Withdrawn status Lost status Not for loan Collection code Home library Current library Date acquired Source of acquisition Cost, normal purchase price Full call number Barcode Copy number Cost, replacement price Koha item type
      Non-fiction Central Library Central Library 30/03/2022 DBAD/PUB 795.00 954.165 CHO EN-115707 1 795.00 English Books

© Delhi Public Library
Hit Counter
free hit counter